00543nam a2200181 a 45000010010000000030011000100080041000210350026000620820014000881000021001022450037001232600050001606500013002109420012002239520091002359980020003269990015003460000-9335ELIB.Books110520 1988  a(ELIB.Books)0000-9487 a230 bFly aFlynn, Leslie B. aWhen the saints come storming in bEngland: A Division of Scripture Press c1988 aTheology 2ddccBK 00102ddc4070aKBTSbKBTSd2011-05-20l0p11460r2022-01-22 00:00:00w2022-01-22yBK cbate2011-05-20 c9335d9335